Northernmost and southernmost 1M cities - Statistics

General Stats
  • This quiz has been taken 325 times
  • The average score is 14 of 20
Answer Stats
Hint Answer % Correct
60°10'N 1.56 M Helsinki
97%
59°19'N 2.32 M Stockholm
97%
59°56'N 6.35 M Saint Petersburg
96%
37°48'S 5.20 M Melbourne
93%
59°54'N 1.27 M Oslo
93%
34°36'S 16.8 M Buenos Aires
91%
33°51'S 5.15 M Sydney
91%
36°50'S 1.53 M Auckland
90%
33°27'S 8.40 M Santiago
90%
33°55'S 5.10 M Cape Town
89%
34°55'S 1.45 M Adelaide
78%
34°53'S 1.81 M Montevideo
73%
55°51'N 1.71 M Glasgow
71%
33°57'S 1.20 M Port Elizabeth
46%
56°50'N 1.81 M Yekaterinburg
44%
56°19'N 1.62 M Nizhny Novgorod
43%
55°47'N 1.56 M Kazan
40%
58°00'N 1.07 M Perm
36%
33°03'S 1.06 M Valparaíso
26%
56°01'N 1.27 M Krasnoyarsk
24%
No matching quizzes found
Score Distribution
Percent of People with Each Score
Percentile by Number Answered
Your Score History
You have not taken this quiz